000 00481nam a2200169 4500
001 117192
003 ES-MaACL
005 20250809063515.0
007 t|
008 070301s1971 sp r ||||1| spa d
100 1 _aPaz, Octavio,
_d1914-1998
_989753
245 1 0 _aTraducción
_b: literatura y literalidad /
_cOctavio Paz.
260 _aBarcelona :
_bTusquets,
_c1971.
300 _a78 p. ;
_c18 cm.
852 _aES-MaACL
_jC-46000
_bR.79174
999 _c117192
_d117192